banner

Innovaciones de la práctica: (Registro nro. 1373)

000 -LEADER
fixed length control field 02653nam a2200349 a 4500
003 - CONTROL NUMBER IDENTIFIER
control field AR-BaISA
005 - DATE AND TIME OF LATEST TRANSACTION
control field 20230808112423.0
006 - FIXED-LENGTH DATA ELEMENTS--ADDITIONAL MATERIAL CHARACTERISTICS
fixed length control field a||||fr|||| 00| 0
007 - PHYSICAL DESCRIPTION FIXED FIELD--GENERAL INFORMATION
fixed length control field ta
008 - FIXED-LENGTH DATA ELEMENTS--GENERAL INFORMATION
fixed length control field 230803s2011 ag ||||f |||| 00| 0 spa d
020 ## - INTERNATIONAL STANDARD BOOK NUMBER
International Standard Book Number 9789871660087
040 ## - CATALOGING SOURCE
Language of cataloging spa
Transcribing agency AR-BaISA
082 04 - DEWEY DECIMAL CLASSIFICATION NUMBER
Edition number 22
Classification number 616.860 651 D716
100 ## - MAIN ENTRY--PERSONAL NAME
9 (RLIN) 2995
Personal name Donghi, Alicia
Relator term aut.
245 10 - TITLE STATEMENT
Title Innovaciones de la práctica:
Remainder of title dispositivos clínicos en el tratamiento de las adicciones /
Statement of responsibility, etc. Alicia Donghi; con la colaboración de Mario Sánchez, Liliana Vázquez, Teresita Milán, Leonardo Ghioldi, Miriam Maidana y Laura Alcaraz
250 ## - EDITION STATEMENT
Edition statement 2ª ed.
260 ## - PUBLICATION, DISTRIBUTION, ETC.
Place of publication, distribution, etc. Buenos Aires.
Name of publisher, distributor, etc. JCE Ediciones,
Date of publication, distribution, etc. 2011
300 ## - PHYSICAL DESCRIPTION
Extent 158 p.
500 ## - GENERAL NOTE
General note La edición de este título se realiza en cumplimiento del Convenido suscripto entre la Facultad de Psicología UBA y JCE Ediciones, cf. Resolución (C.D.) Nº 1553/04. (Nota de tapa)
500 ## - GENERAL NOTE
General note Comité editorial. Constituido conforme la citada resolución

Profesor Lic. Virgilio Enzo Carriolo
Profesora Lic. Alicia Noelia Cayssials
Profesor D. Gustavo Eduardo González
Profesor Dr. David Alberto Laznik
Profesor Lic. Rodolfo Ubarri
504 ## - BIBLIOGRAPHY, ETC. NOTE
Bibliography, etc. note Bibliografía al final de cada capítulo
505 ## - FORMATTED CONTENTS NOTE
Title ACTUALIDAD:
-- Mario Sánchez / La descompensación de la conciencia (Conferencia) --
-- Leonardo Ghioldi / El adicto como farmacólogo --
-- Alicia Donghi / La compulsión en los tiempos que corren --
-- DISPOSITIVOS:
-- Alicia Donghi / ¿Qué es un dispositivo?: construir la estrategia en experiencia --
-- Alicia Donghi / Abordaje familiar y clínica de toxicómanos: "la cocina de un dispositiivo" --
-- Alicia Donghi / Un dispositivo de reducción de daños para una pequeña comunidad de músicos --
-- DEL PSICOANÁLISIS:
-- Alicia Donghi / El psicoanálsis: un tratamiento de sustitución posible --
-- Alicia Donghi / Clínica del consumo responsable --
-- Alicia Donghi y Liliana Vázquez / El dolor y su tratamiento --
-- OTRAS ADICCIONES:
-- Alicia Donghi y Liliana Vázquez / Contrapunto cínico: alcoholismo femenino - Alcoholismo masculino --
-- Alicia Donghi / "Afortunado en el juego" --
-- Alicia Donghi y Miriam Maidana / "¿Mencioné que fumaba paco?" --
-- Alicia Donghi y Laura Alcaraz / Elecciones de "paquero" a "basurero"
650 14 - SUBJECT ADDED ENTRY--TOPICAL TERM
9 (RLIN) 1721
Topical term or geographic name entry element Adicciones
Form subdivision tratamiento
General subdivision psicología
650 14 - SUBJECT ADDED ENTRY--TOPICAL TERM
9 (RLIN) 141
Topical term or geographic name entry element Psicoanálisis
700 ## - ADDED ENTRY--PERSONAL NAME
9 (RLIN) 2996
Personal name Sánchez, Mario
Relator term aut.
700 ## - ADDED ENTRY--PERSONAL NAME
9 (RLIN) 2997
Personal name Vázquez, Liliana
Relator term aut.
700 ## - ADDED ENTRY--PERSONAL NAME
9 (RLIN) 2998
Personal name Milán, Teresita
Relator term aut.
700 ## - ADDED ENTRY--PERSONAL NAME
9 (RLIN) 2999
Personal name Ghioldi, Leonardo
Relator term aut.
700 ## - ADDED ENTRY--PERSONAL NAME
9 (RLIN) 3000
Personal name Maidana, Miriam
Relator term aut.
700 ## - ADDED ENTRY--PERSONAL NAME
9 (RLIN) 3001
Personal name Alcaraz, Laura
Relator term aut.
942 ## - ADDED ENTRY ELEMENTS (KOHA)
Source of classification or shelving scheme
Koha item type Libros
Edition 22
Existencias
Withdrawn status Lost status Source of classification or shelving scheme Damaged status Not for loan Permanent Location Current Location Date acquired Inventory number Full call number Barcode Date last seen Copy number Price effective from Koha item type
          Biblioteca ISALUD. Dr. Néstor Rodríguez Campoamor Biblioteca ISALUD. Dr. Néstor Rodríguez Campoamor 2023-08-03 5029 616.860 651 D716 5029 2023-08-03 ej. 1 2023-08-03 Libros
          Biblioteca ISALUD. Dr. Néstor Rodríguez Campoamor Biblioteca ISALUD. Dr. Néstor Rodríguez Campoamor 2023-08-03 5030 616.860 651 D716 5030 2023-08-03 ej. 2 2023-08-03 Libros
          Biblioteca ISALUD. Dr. Néstor Rodríguez Campoamor Biblioteca ISALUD. Dr. Néstor Rodríguez Campoamor 2023-08-03 5031 616.860 651 D716 5031 2023-08-03 ej. 3 2023-08-03 Libros